Robbins v SOS for the Environment (Record no. 16379)
[ view plain ]
| 000 -LEADER | |
|---|---|
| fixed length control field | 01263cab a2200205 4500 |
| 001 - CONTROL NUMBER | |
| control field | ABS40513 |
| 008 - FIXED-LENGTH DATA ELEMENTS--GENERAL INFORMATION | |
| fixed length control field | 090401t1989 xxu||||| |||| 00| 0 eng d |
| 035 ## - SYSTEM CONTROL NUMBER | |
| System control number | (Sirsi) u24427 |
| 041 ## - LANGUAGE CODE | |
| Language code of text/sound track or separate title | eng |
| 245 ## - TITLE STATEMENT | |
| Title | Robbins v SOS for the Environment |
| 260 ## - PUBLICATION, DISTRIBUTION, ETC. | |
| Date of publication, distribution, etc. | 1989 |
| 350 ## - PRICE (NR) (BK AM CF MU VM SE) [OBSOLETE] | |
| Price | 0 |
| 490 ## - SERIES STATEMENT | |
| Series statement | Weekly Law Reports |
| Volume/sequential designation | (1989) 1 WLR 201-219(19) |
| 520 ## - SUMMARY, ETC. | |
| Summary, etc. | HL 24 January 1989 Appeal by Robbins (R) from CA decision affirming the SOS`s confirmation of a compulsory purchase order made by the council (A) pursuant to Town and Country Planning Act 1971 s114 in respect of a windmill owned by R. HL held that a requirement in a repairs notice issued by a planning authority for the owner of a listed building to carry out such works as were reasonably necessary for the proper preservation of the building referred to the preservation of the building as it was when listed and not as it was when the notice was served. The inclusion of unnecessary works did not invalidate the remainder of the notice. Therefore the cpo issued after the repair notice was not complied with was valid and the appeal was dismissed. |
| 650 ## - SUBJECT ADDED ENTRY--TOPICAL TERM | |
| Topical term or geographic name entry element | HISTORIC BUILDINGS |
| 650 ## - SUBJECT ADDED ENTRY--TOPICAL TERM | |
| Topical term or geographic name entry element | LOCAL AUTHORITIES |
| 690 ## - LOCAL SUBJECT ADDED ENTRY--TOPICAL TERM (OCLC, RLIN) | |
| Topical term or geographic name as entry element | PLANNING LAW AND PRACTICE-CASE LAW |
| 942 ## - ADDED ENTRY ELEMENTS (KOHA) | |
| Suppress in OPAC | 0 |
| 948 ## - LOCAL PROCESSING INFORMATION (OCLC); SERIES PART DESIGNATOR (RLIN) | |
| c (OCLC) | 04/03/1997 |
| Withdrawn status | Lost status | Source of classification or shelving scheme | Damaged status | Not for loan | Home library | Current library | Shelving location | Date acquired | Total Checkouts | Full call number | Barcode | Date last seen | Copy number | Price effective from | Koha item type |
|---|---|---|---|---|---|---|---|---|---|---|---|---|---|---|---|
| Dewey Decimal Classification | London | London | Journal article | 14/09/1999 | ABS40513 | 24427-1001 | 06/08/2019 | 1 | 06/08/2019 | Law report |